Les 3 meilleurs footballeurs par pays #5 - Statistiques

Statistiques générales
  • Ce quiz a été pris 250 fois
  • Le résultat moyen est 9 sur 15
Statistiques - réponses
Pays Postes Club principal Joueurs % Correct
Sénégal Ailier Gauche FC Liverpool Sadio Mané
98%
Maroc Défenseur Droit Paris Saint Germain Achraf Hakimi
94%
Algérie Ailier Droit Manchester City Riyad Mahrez
94%
Côte d'Ivoire Attaquant FC Chelsea Didier Drogba
89%
Cameroun Attaquant FC Barcelone Samuel Etoo
89%
Sénégal Défenseur Central Napoli FC Kalidou Koulibaly
83%
Côte d'Ivoire Milieu de terrain Manchester City Yaya Touré
79%
Maroc Gardien de but FC Séville Yassine Bounou
78%
Maroc Ailier Droit Ajax Amsterdam Hakim Ziyech
73%
Algérie Milieu de terrain AC Milan Ismaël Bennacer
67%
Cameroun Attaquant FC Porto Vincent Aboubakar
40%
Sénégal Attaquant FC Liverpool El Hadji Diouf
23%
Algérie Gardien de but Aucun Raïs M'Bohli
14%
Cameroun Milieu de terrain FC Metz Rigobert Song
12%
Côte d'Ivoire Milieu de terrain Tottenham Hotspurs Didier Zokora
5%
Aucun quiz correspondant
Distribution des résultats
% des personnes avec chaque résultat
Percentile par nombre de réponses
Votre historique - résultats
Vous n’avez pas pris ce quiz